00506nam a2200169Ia 4500008004100000082002100041100002700062245003500089250000600124260003300130300000900163500002400172650001200196942000700208952010400215999001700319230524s9999 xx 000 0 und d a620.0042503bSRI aR.K. Srivastava942044 0aComputer Aided Design Lab Work a1 aNew DelhibUmesh Publication a92p; aQuantity Number: 1 aComp-Sc cBK 00104070aTATCLbTATCLcGENd2023-05-24l0o620.0042502854 SRIp53899r2023-05-24w2023-05-24yBK c56461d56461